000 00564 a2200181 4500
999 _c5260
_d5260
010 _aENG-86797
020 _c695.00
_a813130163X
035 _aEN-70330
037 _bDBAD / PUB
082 0 0 _a658.3
100 1 _aChandramohan, A.
245 1 0 _aHuman resource management :
_cby A. Chandramohan
_btext and cases /
260 _aNew Delhi
_bA P H Publishing
_c2007
270 _a5, Ansari Road, Darya Ganj
_bNew Delhi
_maphbooks@vsnl.net
_e110 002
300 _av, 295p
_c22 cm (Hb)
500 _aIncludes index
942 _adpl
_cEN
_2ddc
_h658.3
_mCHA